000 00505nam a2200181 i 4500
001 bg
100 1 _aMISIUREWICZ, eUGENIUSZ
245 1 0 _aNapęd i sterowanie elektryczne obrabiarek /
_cEugeniusz Misiurewicz, Andrzej Mystkowski.
260 _aWarszawa :
_bPWT,
_c1955.
650 9 _aObrabiarki
650 9 _aNapęd elektryczny
655 _aPodręczniki akademickie
040 _cBPK
041 0 _apol
080 _a621.313:621.9](075.8)
942 _cKS
008 s pl f |000 0 pol
999 _c7764
_d7764
856 _uhttp://koha.tu.koszalin.pl/cgi-bin/koha/opac-detail.pl?biblionumber=7764
_yKatalog online BPK